000
00262nam a2200097 a 4500
005
20200930070541.0
008
110913s1902 000 spa d
245
0
_a
Biblioteca Hispano-americana : 1493-1810.
260
_a
Santiago de Chile,
_c
1902.
999
_c
33316
_d
33316
040
_a
DO-SdBNP